Early modern women's letter writing, 1450-1700

Αποθηκεύτηκε σε:
Λεπτομέρειες βιβλιογραφικής εγγραφής
Άλλοι συγγραφείς: Daybell, James 1972- (Επιμελητής έκδοσης)
Μορφή: Βιβλίο
Γλώσσα:English
Δημοσίευση: New York : Palgrave, c2001
Σειρά:Early modern literature in history
Θέματα:
Ετικέτες: Προσθήκη ετικέτας
Δεν υπάρχουν, Καταχωρήστε ετικέτα πρώτοι!

MARC

LEADER 00000cam a2200000 i 4500
001 1/54215
008 070907s2001 eng d
020 |a 0-333-94579-4 (hbk.) 
035 |l 10090510 
040 |a GR-MY-UA  |b gre  |e aacr 
041 0 |a eng 
082 0 |a 826.0099287  |2 (22) 
245 1 0 |a Early modern women's letter writing, 1450-1700 /  |c edited by James Daybell 
260 |a New York :   |b Palgrave,   |c c2001 
300 |a xiv, 213 σ.;  |c 23 εκ. 
490 1 |a Early modern literature in history 
504 |a Περιέχει βιβλιογραφικές αναφορές και ευρετήριο 
650 0 0 |a English letters  |x History and criticism. 
650 0 0 |a English prose literature  |x Women authors  |x History and criticism. 
650 0 0 |a English prose literature  |y Early modern, 1500-1700  |x History and criticism. 
650 0 0 |a Women and literature  |z Great Britain  |x History  |y 17th century. 
650 0 0 |a Letter writing  |x History. 
700 1 |a Daybell, James  |d 1972-  |e edt 
830 0 |a Early modern literature in history 
852 |a INST  |b LESVOS  |e 20070907  |h 826.0099287 EAR  |p 005100039143  |q 005100039143  |t BK  |y 0 
901 |a BIBL1-2007-3 
909 |a Λ  |b 138215 
922 |a 1ΕΛΗ  |b 200707  |c ΕΠΕΑΕΚ2/ΤΚΑ  |d ΠΑΠΑΣΩΤΗΡΙΟΥ 
970 |a ΒΑΡΚΑ  |b ΕΛΕΥΘΕΡΙΑ  |z 2007/09/07